MARC

LEADER 00000nam0a2200000 4500
001 40201
005 20231031012406.0
035 |a (RuTPU)RU\TPU\book\41224 
090 |a 40201 
100 |a 20020429d1982 m y0rusy50 ca 
101 1 |a rus  |c eng 
102 |a RU 
105 |a a z 001zy 
200 1 |a Есть идея!  |e пер. с англ.  |f М. Гарднер  |g пер. Ю. Д. Данилов 
210 |a Москва  |c Мир  |d 1982 
215 |a 305 с.  |c ил. 
320 |a Библиогр.: с. 303-305. 
610 1 |a математика 
610 1 |a занимательная математика 
610 1 |a комбинаторика 
610 1 |a геометрия 
610 1 |a логика 
610 1 |a числа 
610 1 |a игры 
610 1 |a теория 
675 |a 51-8  |v 3 
700 1 |a Гарднер  |b М.  |g Мартин 
702 1 |a Данилов  |b Ю. Д.  |4 730 
801 1 |a RU  |b 63413507  |c 20020429  |g PSBO 
801 2 |a RU  |b 63413507  |c 20221201  |g PSBO 
942 |c BK